|
|
|
|
| LEADER |
00000nab a2200000 a 4500 |
| 001 |
vtls009970008 |
| 003 |
SK-MaSNL |
| 005 |
20260304041257.0 |
| 008 |
091113|2009 xo wrz r 000 0 slo |
| 015 |
|
|
|a SNBRB2009/11
|2 kevkjb
|
| 038 |
|
|
|a KEVKJB
|
| 040 |
|
|
|a KEVKJB
|b slo
|c KEVKJB
|e AACR2
|
| 041 |
0 |
|
|a slo
|
| 044 |
|
|
|a xo
|c SK
|
| 080 |
|
|
|a 7.05.071.1
|2 2001
|
| 080 |
|
|
|a 929 Chanel, Coco Gabrielle
|2 2001
|
| 080 |
|
|
|a 687.12
|2 2001
|
| 100 |
1 |
|
|a Žiaková, Miriam,
|d 1969-
|4 aut
|9 93243
|
| 245 |
1 |
0 |
|a Špiónka Coco Chanel
|b vo svete módy urobila revolúciu. primäla ženy, aby zhodili korzety, skrátili si sukne, ostrihali si vlasy a obliekali sa ako muži
|c Miriam Žiaková
|
| 300 |
|
|
|b Obr.
|
| 600 |
1 |
7 |
|a Chanel, Coco,
|d 1883-1971
|2 SNKMA
|9 214532
|
| 650 |
0 |
7 |
|a módni návrhári
|2 SNKPH
|9 75035
|
| 651 |
|
7 |
|a Francúzsko
|2 SNKPHgeo
|9 15907
|
| 773 |
0 |
|
|t Markíza
|g Roč. XII, č. 46 (2009), s. 32-33
|x 1335-2776
|
| 852 |
|
|
|a KEVKJB
|b KIS3GCP
|
| 958 |
|
|
|a BC
|
| 958 |
|
|
|a FR
|
| 999 |
|
|
|c 2667521
|d 2669451
|